000 01017nam a22002897a 4500
001 06145
003 HDC
007 cr bn ---aaaaa
008 210123b20042004xxu||||| |||| 00| 0 eng d
020 _a0415288622
040 _aHDC
100 _aShaoxi, Wu
_eauthor
_96472
245 0 _aSkin Disorders Caused by Cosmetics in China
_c/ Shaoxi Wu [and 3 others]
260 _aUnited States:
_bCRC Press,
_c2004
300 _a1 online resource (7 pages)
336 _atext
_2rdacontent
337 _acomputer
_2rdamedia
338 _aonline resource
_2rdacarrier
500 _aOriginally from: Citrus: Dermatotoxicology, 2004 (pages 442-448)
_aIncludes bibliographical references
650 _aCosmetics
_924
650 _aDermatitis
_96189
650 _aDermatotoxicology
_96188
856 _zRequest full-text at [email protected]
942 _2lcc
942 _cCHAP
942 _kEBCH 004221
999 _c3469
_d3469